000 00624nam a2200181Ia 4500
003 GCL
008 140319s9999 xx 000 0 ara d
040 _aGCL /
_cGCL
082 0 4 _a961.18
_bم س
100 1 _aمحمد العروسى المطوى
245 1 0 _aسيرة القيروان : رسالتها الدينية والثقافية فى المغرب الاسلامى /
_cمحمد العروسى المطوى
260 _a[S.N] :
_bالدار العربية للكتاب ،
_c1981
300 _a168 ص
490 _a
650 0 4 _aالقيروان
650 0 4 _aالتاريخ الاسلامى
942 _2ddc
_cBK
999 _c27797
_d27797